1978 1870 1146 1586 1163 1993 1741 1235 1330 1402 1523 1090 1346 1468 1207 1682 1151 1747 1542 1979 1304 1445 1501 1115 1245 1864 1470 1085 1957 1885 1334 1347 1117 1784 1428 1364 1734 1777 1489 1066 1410 1503 1884 1696 1141 1002 1145 1962 1445 1922 1507 1604 1094 1476 1272 1317 1471 1561 1408 1194 1837 1024 1546 1244 1731 1864 1451 1479 1848 1128 1497 1802 1265 1323 1620 1223 1713 1438 1234 1250 1849 1203 1582 1846 1637 1550 1420 1101 1715 1359 1941 1791 1830 1914 1912 1028 1278 1061 1914 BCNSPRNW ULIB Ver.6.0+V

เปลี่ยนเป็นภาษาไทย

Change to English
 แสดงรายละเอียดบรรณานุกรม
  กลับหน้าหลัก

Brief Record : Get Marc (ISO 2709) : E-mail record : QR code < ปิดหน้าต่าง
LEADER : 00000nam 2200000uu 4500
001    13399110245
003     ULIB
008    110427s2553||||th 000 0 tha d
024    9789744141576
050  4 HF5668.25^bช136ก 2553
100 0  ชนม์ณัฐชา กังวานศุภพันธ์
245 00 การควบคุมภายในและตรวจสอบภายใน^bชนม์ณัฐชา กังวานศุภพันธ์
246 0  เอกสารตำราหลัก ประกอบการเรียนการสอนหลักสูตรรัฐประศาสนศาสตร์บัณฑิต สาขาวิชาการจัดการการคลัง วิชา การควบคุมและตรวจสอบภายใน (Internal control and audit)
260    กรุงเทพฯ :^bเอ็กซเปอร์เน็ท,2553
300    190 หน้า
650  7 การควบคุมภายใน
650  7 การตรวจสอบภายใน
945    ^p180^l0^i030035
945    ^p180^l0^i030036
995    เกษร
999 ^a ใช้งานได้ทุกระบบ
รายการนี้ยังไม่มีแท็ก
คุณยังไม่ได้ล็อกอิน คุณสามารถมีกิจกรรมร่วมกับเว็บไซต์ได้ แต่ต้องล็อกอินก่อน ::
  ล็อกอิน

รายการสื่อสารสนเทศ

ลำดับที่ ประเภท เลขเรียก/บาร์โค้ด สถานที่ สถานะ
1. การศึกษาทั่วไป
การศึกษาทั่วไป
HF5668.25 ช136ก 2553 ฉ.2 
  Barcode: 030036
ห้องสมุดวิทยาเขตนครสวรรค์
►หนังสือทั่วไป:l:General Books
บนชั้น

รายการใกล้เคียง
    หัวเรื่อง [การควบคุมภายใน]
    หัวเรื่อง [การตรวจสอบภายใน]

BibComment


ยังไม่เคยถูกคอมเมนท์

คอมเมนท์ทรัพยากรรายการนี้
  คอมเมนท์: การควบคุมภายในและ..


 Copyright 2026. Bcnsprnw @Library